Tipu Sultan: (Record no. 20830)

MARC details
000 -LEADER
fixed length control field 01026nam a22002537a 4500
008 - FIXED-LENGTH DATA ELEMENTS--GENERAL INFORMATION
fixed length control field 090112t xxu||||| |||| 00| 0 eng d
010 ## - LCCN (DPL NO)
LC control number ENG-92443
020 ## - INTERNATIONAL STANDARD BOOK NUMBER
International Standard Book Number 9788170544692
Terms of availability 200.00
035 ## - SYSTEM CONTROL NUMBER
System control number EN-75976
037 ## - SOURCE OF ACQUISITION
Source of stock number/acquisition DBAD / PUB
040 ## - CATALOGING SOURCE
Original cataloging agency dpl
Language of cataloging English
082 ## - DEWEY DECIMAL CLASSIFICATION NUMBER
Classification number 954.08
100 ## - MAIN ENTRY--PERSONAL NAME
Personal name Angadi, Dhanukumar T.
245 ## - TITLE STATEMENT
Title Tipu Sultan:
Statement of responsibility, etc by Dhanukumar T. Angadi
Remainder of title by Taylor and Gidwani a critical study /
260 ## - PUBLICATION, DISTRIBUTION, ETC. (IMPRINT)
Place of publication, distribution, etc New Delhi
Name of publisher, distributor, etc Classical Publishing
Date of publication, distribution, etc 2009
270 ## - ADDRESS
Address 28, Shoppping Centre, Karampura,
City New Delhi
Postal code 110015
300 ## - PHYSICAL DESCRIPTION
Extent 74p.
Dimensions 22cn (Hb)
500 ## - GENERAL NOTE
General note Includes bibliographical references
600 ## - SUBJECT ADDED ENTRY--PERSONAL NAME
Personal name Tipu Sultan, Fath ’Ali, Nawab of Mysore, 1753-1799.
651 ## - SUBJECT ADDED ENTRY--GEOGRAPHIC NAME
Geographic name Karnataka (India)
General subdivision Kings and rulers
651 ## - SUBJECT ADDED ENTRY--GEOGRAPHIC NAME
Geographic name India
General subdivision History
Chronological subdivision 18th century.
942 ## - ADDED ENTRY ELEMENTS (KOHA)
Source of classification or shelving scheme Dewey Decimal Classification
Item type English Books
Call number suffix ANG
Classification part 954.08
Holdings
Withdrawn status Lost status Source of classification or shelving scheme Damaged status Not for loan Collection code Home library Current library Date acquired Source of acquisition Cost, normal purchase price Total Checkouts Full call number Barcode Date last seen Copy number Cost, replacement price Koha item type
    Dewey Decimal Classification   Not For Loan Non-fiction D.B.Act.Division D.B.Act.Division 12/01/2009 DBAB / PUB 200.00   954.08 ANG EN-75976 12/01/2009 1 200.00 English Books

© Delhi Public Library
Hit Counter
free hit counter